| 000 | 00498nam a2200181 i 4500 | ||
|---|---|---|---|
| 001 | bg | ||
| 100 | 1 |
_aBIAŁYNICKI-BIRULA, Iwo _d(1933- ). |
|
| 245 | 0 |
_aElektrodynamika kwantowa / _cI. Białynicki-Birula, Z. Białynicka-Birula. |
|
| 250 | _aWyd. 2 zm. | ||
| 260 |
_aWarszawa, _c1974. |
||
| 650 | 9 | _aElektrodynamika | |
| 700 | 1 |
_aBIAŁYNICKA-BIRULA, Zofia _d(1933- ). |
|
| 040 | _cBPK | ||
| 041 | _apol | ||
| 080 | _a537.8:530.145 | ||
| 942 | _cKS | ||
| 008 | s pl f |000 0 pol | ||
| 999 |
_c26237 _d26237 |
||
| 856 |
_uhttp://koha.tu.koszalin.pl/cgi-bin/koha/opac-detail.pl?biblionumber=26237 _yKatalog online BPK |
||